Rethinking nature : essays in environmental philosophy

Αποθηκεύτηκε σε:
Λεπτομέρειες βιβλιογραφικής εγγραφής
Άλλοι συγγραφείς: Foltz, Bruce V. (Επιμελητής έκδοσης), Frodeman, Robert (Επιμελητής έκδοσης)
Μορφή: Βιβλίο
Γλώσσα:English
Δημοσίευση: Bloomington, IN : Indiana University Press, c2004
Σειρά:Studies in continental thought
Θέματα:
Ετικέτες: Προσθήκη ετικέτας
Δεν υπάρχουν, Καταχωρήστε ετικέτα πρώτοι!

MARC

LEADER 00000nam a2200000 i 4500
001 1/91380
008 080723s2004 eng d
020 |a 0-253-21702-4 (pbk.) 
035 |l 10099140 
040 |a GR-MY-UA  |b gre  |e aacr 
041 0 |a eng 
082 0 |a 113  |2 (22) 
245 1 0 |a Rethinking nature :  |b essays in environmental philosophy /  |c edited by Bruce V. Foltz and Robert Frodeman 
260 |a Bloomington, IN :   |b Indiana University Press,   |c c2004 
300 |a vi, 357 σ.;  |c 24 εκ. 
490 1 |a Studies in Continental thought 
504 |a Περιέχει βιβλιογραφικές παραπομπές και ευρετήριο 
650 0 0 |a Philosophy of nature. 
700 1 |a Foltz, Bruce V.  |4 edt 
700 1 |a Frodeman, Robert.  |4 edt 
830 0 |a Studies in continental thought 
852 |a INST  |b LESVOS  |e 20080723  |h 113 RET  |p 005100041836  |q 005100041836  |t BK  |y 0 
901 |a BIBL1-2008-2 
909 |a Λ  |b 151471 
922 |a 1ΕΛΗ  |b 200803  |c ΕΠΕΑΕΚ2/ΤΠ  |d ΠΑΠΑΣΩΤΗΡΙΟΥ 
970 |a ΚΑΡΑ  |b ΓΙΑΣΕΜΗ  |z 2008/07/23